| 000 | 00869nam a2200241 i 4500 | ||
|---|---|---|---|
| 003 | DO-SdBNP | ||
| 005 | 20240311145103.0 | ||
| 007 | ta | ||
| 008 | 240311b1891 sp ||||| |||| 00| 0 spa d | ||
| 040 |
_aDO-SdBNP _bspa _cBNPHU _erda |
||
| 082 | 4 | _222 | |
| 100 | 1 |
_aCecilio Segundo, C. Plinio, _eautor _985007 |
|
| 245 | 1 | 0 |
_aPanegírico de trabajo y cartas / _cC. Plinio Cecilio Segundo ; traducción, D. Francisco de Barreda, D. Francisco Navarro |
| 264 |
_aMadrid : _bLibrería de la Viuda de Hernando, _c1891. |
||
| 300 |
_avolumen ; _c18 cm. |
||
| 490 |
_aBiblioteca Clásica _v64,65 |
||
| 500 | _aIncluye referencias bibliográficas y notas al pie de las páginas | ||
| 590 | _aInventariado, 2024/BT | ||
| 700 | 1 |
_aBarreda, D. Francisco de, _etraducción _985008 |
|
| 700 | 1 |
_aNavarro, D. Francisco, _etraducción _985009 |
|
| 910 | _aBtavárez | ||
| 942 |
_2ddc _cLBS1 |
||
| 999 |
_c56067 _d56067 |
||